[Event "SRB-chT3 West CS"]
[Site "Serbia"]
[Date "2017.10.14"]
[Round "10.24"]
[White "Jovanovic, Ivan M"]
[Black "Ikic, Alija"]
[Result "1/2-1/2"]
[WhiteElo "1652"]
[BlackElo "2164"]
[PlyCount "21"]
[EventDate "2017.09.03"]
[EventType "team-tourn"]
[EventRounds "11"]
[EventCountry "SRB"]
[SourceTitle "EXT 2021"]
[Source "ChessBase"]
[SourceDate "2020.10.23"]
[SourceVersion "1"]
[SourceVersionDate "2020.10.23"]
[SourceQuality "1"]

1. d4 Nf6 2. c4 g6 3. Nc3 Bg7 4. Qc2 0-0 5. Nf3 d6 6. e4 c5 7. dxc5 dxc5 8. Be3 b6 9. Be2 Nc6 10. a3 Bb7 11. 0-0 1/2-1/2

[Event "SRB-chT3 West CS"]
[Site "Serbia"]
[Date "2017.10.14"]
[Round "9.2"]
[White "Lazovic, Blagoje"]
[Black "Jovanovic, Ivan M"]
[Result "0-1"]
[WhiteElo "1956"]
[BlackElo "1652"]
[PlyCount "63"]
[EventDate "2017.09.03"]
[EventType "team-tourn"]
[EventRounds "11"]
[EventCountry "SRB"]
[SourceTitle "EXT 2021"]
[Source "ChessBase"]
[SourceDate "2020.10.23"]
[SourceVersion "1"]
[SourceVersionDate "2020.10.23"]
[SourceQuality "1"]

1. d4 Nf6 2. Nf3 g6 3. c4 Bg7 4. Nc3 0-0 5. e4 d6 6. h3 Nbd7 7. Be2 e5 8. d5 Nc5 9. Qc2 c6 10. Be3 Na6 11. a3 cxd5 12. cxd5 b6 13. 0-0 Bb7 14. Rac1 Rc8 15. b4 Ne8 16. Qa4 Nec7 17. b5 Nc5 18. Qxa7 Nxb5 19. Nxb5 Ra8 20. Qxa8 Bxa8 21. Nd2 f5 22. f3 Bb7 23. Nc4 fxe4 24. Ncxd6 Bxd5 25. Rfd1 Qa8 26. Bxc5 exf3 27. Rxd5 fxe2 28. Rd2 Bh6 29. Bb4 Be3+ 30. Kh2 Rf2 31. Rg1 e1Q 32. Rxf2 0-1